00405nam a2200157Ia 45000010006000000050017000060080041000230410008000640820015000721000025000872450074001122600009001863000036001956500008002316540008002391962720260306172707.0260306t2005||||xx |||||||||||||| ||spa|| aESP a340.7bH41 aHervada, JaviereAUT 0a¿Qué es el derecho?:bla moderna respuesta del realismo jurídico c2005 axxviii, 124 páginas :c20 cm. aGEN aCDE